| 000 | 00697nam a2200253Ia 4500 | ||
|---|---|---|---|
| 003 | OSt | ||
| 005 | 20220918174558.0 | ||
| 006 | a|||||r|||| 00| 0 | ||
| 007 | ta | ||
| 008 | 220917b |||||||| |||| 00| 0 eng d | ||
| 024 | _a12,927 | ||
| 037 | _cTextual | ||
| 040 |
_aARTS _cARTS _beng |
||
| 041 |
_2eng _aeng |
||
| 082 | _a/\2, 113J8 | ||
| 100 |
_aNowotny Fausta _950965 |
||
| 245 | 0 | _aEine durch miniaturen erlaute doctrine mystica aus srinagar | |
| 260 |
_aS-Gravenhage _bMounton & Co _c1958 |
||
| 300 |
_a65p _ccm. |
||
| 490 | _aIndo Iranian monographs; 3 | ||
| 650 | _aSPIRITUALISM | ||
| 942 |
_h/\2, 113J8 _cTEXL _2CC |
||
| 999 |
_c153759 _d153759 |
||